PLANT resources of South-East Asia, no. 19 : essential-oil plants

Bibliographic Details
Other Authors: Nguyen, Oyen
Format: Book
Published: Bogor, Indonesia : PROSEA , 1999
Subjects:

MARC

LEADER 00000cam a2200000 7i4500
001 0000001814
005 20020126.0
020 0 0 |a 979831624X 
090 0 0 |a R580   |b PLA 1999 
245 0 0 |a PLANT resources of South-East Asia, no. 19 :   |b essential-oil plants   |c L. P. A. Oyen and Nguyen Xuan Dung (editors) 
260 0 0 |a Bogor, Indonesia :   |b PROSEA ,   |c 1999 
300 |a 277 p. :   |b ill. ;   |c 26 cm. 
500 0 0 |a Includes bibliography : p. 224-229 and index 
650 0 0 |a Aromatic plants 
650 0 0 |a Essences and essential oils 
700 0 1 |a Nguyen   |h Xuan Dung 
700 0 1 |a Oyen   |h L. P. A. 
998 |a JPSM 
999 |a 0000002855   |b Monograph   |c Reference   |e Default branch